<?xml version='1.0' encoding='UTF-8'?>
  <record xmlns="http://www.loc.gov/MARC21/slim">
    <leader>00000ctm a22000007i 4500</leader>
    <controlfield tag="001">on1370590249</controlfield>
    <controlfield tag="003">OCoLC</controlfield>
    <controlfield tag="005">20231213210205.5</controlfield>
    <controlfield tag="007">cr c| ||||||||</controlfield>
    <controlfield tag="008">230220q16001640ne i    o     000 0 lat d</controlfield>
    <datafield tag="040" ind1=" " ind2=" ">
      <subfield code="a">QGJ</subfield>
      <subfield code="b">eng</subfield>
      <subfield code="e">rda</subfield>
      <subfield code="e">dcrmmss</subfield>
      <subfield code="c">QGJ</subfield>
      <subfield code="d">QGJ</subfield>
      <subfield code="d">OCLCO</subfield>
      <subfield code="d">QGJ</subfield>
      <subfield code="d">OCLCL</subfield>
    </datafield>
    <datafield tag="035" ind1=" " ind2=" ">
      <subfield code="a">(OCoLC)1370590249</subfield>
    </datafield>
    <datafield tag="041" ind1=" " ind2=" ">
      <subfield code="a">lat</subfield>
      <subfield code="a">dut</subfield>
    </datafield>
    <datafield tag="100" ind1="1" ind2=" ">
      <subfield code="a">Buchell, Arend van,</subfield>
      <subfield code="d">1565-1641,</subfield>
      <subfield code="e">author.</subfield>
      <subfield code="4">aut</subfield>
      <subfield code="1">https://id.oclc.org/worldcat/entity/E39PBJvt97kGgrhYc6wBHv6BT3</subfield>
    </datafield>
    <datafield tag="242" ind1="1" ind2="0">
      <subfield code="a">Genealogies</subfield>
      <subfield code="y">eng</subfield>
    </datafield>
    <datafield tag="242" ind1="1" ind2="0">
      <subfield code="a">Genealogieën</subfield>
      <subfield code="y">dut</subfield>
    </datafield>
    <datafield tag="245" ind1="1" ind2="0">
      <subfield code="a">Genealogiae /</subfield>
      <subfield code="c">Arnoldus Buchelius</subfield>
    </datafield>
    <datafield tag="264" ind1=" " ind2="0">
      <subfield code="a">[Utrecht?],</subfield>
      <subfield code="c">[approximately 1600]</subfield>
    </datafield>
    <datafield tag="300" ind1=" " ind2=" ">
      <subfield code="a">1 online resource (manuscript) ([45] leaves) ;</subfield>
      <subfield code="c">illustrations ;</subfield>
      <subfield code="c">215 x 315 mm (oblong)</subfield>
    </datafield>
    <datafield tag="336" ind1=" " ind2=" ">
      <subfield code="a">text</subfield>
      <subfield code="b">txt</subfield>
      <subfield code="2">rdacontent</subfield>
    </datafield>
    <datafield tag="337" ind1=" " ind2=" ">
      <subfield code="a">computer</subfield>
      <subfield code="b">c</subfield>
      <subfield code="2">rdamedia</subfield>
    </datafield>
    <datafield tag="338" ind1=" " ind2=" ">
      <subfield code="a">online resource</subfield>
      <subfield code="b">cr</subfield>
      <subfield code="2">rdacarrier</subfield>
    </datafield>
    <datafield tag="340" ind1=" " ind2=" ">
      <subfield code="a">paper</subfield>
      <subfield code="2">rdamat</subfield>
    </datafield>
    <datafield tag="500" ind1=" " ind2=" ">
      <subfield code="a">Digitized version of a manuscript kept in a private collection.</subfield>
    </datafield>
    <datafield tag="500" ind1=" " ind2=" ">
      <subfield code="a">Dating: last half of the 16th and first half of the 17th centuries, with some later handwritten additions.</subfield>
    </datafield>
    <datafield tag="500" ind1=" " ind2=" ">
      <subfield code="a">The 45 folios are numbered 63-129, but with missing: fols 63, 69-70, 79-80, 106-112, 117, 121-128. A zero was added to each number by a later hand. All these leaves are missing from Utrecht, University Library, Ms. 1780 (8 F 28-30) and Ms. 8 F 31.</subfield>
    </datafield>
    <datafield tag="505" ind1="0" ind2=" ">
      <subfield code="a">fol. 62r Ketler -- fol. 62v Nieukirchen -- fol. 64r Hutten -- fol. 64v Honsler -- fol. 65r Hamilton, Mandeslo, Clare, (reverse:) Manderscheit -- fol. 65v Hohensaxen -- fol. 66r Fronsberg -- fol. 66v A Mathe, Gray -- fol. 67r Hille, (reverse:) pars geneal. Russel -- fol. 67v Hoenlohe --</subfield>
    </datafield>
    <datafield tag="505" ind1="0" ind2=" ">
      <subfield code="a">fol. 71r Ascania, Anholt, Saxen, Brandenburch -- fol. 71v Gen. Saxonia et Anhalt -- fol. 72r Gen. Com. de Hoye -- fol. 72v Com. Hoyenses -- fol. 73r Geneal. de Plesse -- fol. 73v (continued) -- fol. 74r Doorstat -- fol. 74v Abusini -- fol. 75r Com. ab Abensperg -- fol. 75v C. Abensperg fam. -- fol. 76r Geneal. Comitum de Barbey -- Magdenburch -- fol. 78v Geneal. de Weisenburch -- fol. 81r Geneal. Com. de Tecklenburg -- fol. 81v Geneal. Com. de Henburg -- fol. 82r Geneal. Com. de Diepholt -- fol. 82v Geneal. Com. de Honstein -- fol. 83r Com. de Honstein -- fol. 83v Rapolstein -- fol. 84r Rapolstein -- fol. 84v Truxces a Waldpurg dapiferi Imp. -- fol. 85r Wolckestein -- fol. 85v Riarij -- fol. 86r De Ruvere -- fol. 86v Columna -- fol. 87r Columna -- fol. 87v Ubaldini et Feltrij -- fol. 88r Ordelaphi --</subfield>
    </datafield>
    <datafield tag="505" ind1="0" ind2=" ">
      <subfield code="a">fol. 88v Gondiorum stemma-- fol. 89r Geneal. Princ. Mantuan. Gonzag. -- fol. 89v Geneal. Gonzagua Mant. -- fol. 90r Gonzaga -- fol. 90v Sabelli -- fol. 91r Appiani -- fol. 91v Bentivoli -- fol. 92r Malaspina -- fol. 92v Geneal. San Severinorum -- fol. 93r San Severini -- fol. 93v Geneal. Farnesiorum -- fol. 94r Fernesij -- fol. 94v Spinolae fam. -- fol. 95r Spinoli -- fol. 95v Geneal. Spinola fam. -- fol. 96r Geneal. Marchion. Montisferrati ex Saxonibus -- fol. 96v Marchiones Montisferratenses ex fam Paleolog -- fol. 97r Ex fam. Gonzaga -- fol. 97v Geneal. Comitum Guidonum -- fol. 98r (continued) -- fol. 98v Geneal. Picorum Mirandulae -- fol. 99r ac concordiae principum -- fol. 99v Geneal. Piorum, Carporum Principum -- fol. 100r Geneal. Varanorum Camertium Princip. -- fol. 100v Strozzae -- fol. 101r Strozzae -- fol. 101v Nugarola -- fol. 102r Van Oort, C. Pompeij -- fol. 102v Malatesta Gens -- fol. 103r Malatesta -- fol. 103v Gevarra --</subfield>
    </datafield>
    <datafield tag="505" ind1="0" ind2=" ">
      <subfield code="a">fol. 104r De la Cerda -- fol. 104v Andiae Comites et Britanniae Duces -- fol. 105r Pythaei -- fol. 105v Nothi Aurelianenses -- fol. 113r Normannicae stirpis Rami -- fol. 113v Normannicae stirpis pars -- fol. 114r Geneal. de Sutton C. Leicestre -- fol. 114v Geneal. de Polefol. 115r Com. Cestriae -- fol. 115v Geneal. de Veer -- fol. 116r Gen. Spencer ofte Spensier -- fol. 116v Geneal. Spencer, (reverse:) Bor binnen viz. Borgers -- fol. 118r Gen. Percy -- fol. 118v Gen. Kanolles, (reverse:) Blockhoven -- fol. 119r Mortimer, Ketelaer -- fol. 119v Alidosij, Welseri -- fol. 120r Baumgartneri -- fol. 120v Scorre, Taxis -- fol. 129r Ex hac tabula licet videre quod olim hereditaria non fuerint cognomina; sed pro ratione Dominiorum variaverint</subfield>
    </datafield>
    <datafield tag="561" ind1=" " ind2=" ">
      <subfield code="a">Bought at the Beijers auction of 1 June 2010, lot 331, previously kept in the United States.</subfield>
    </datafield>
    <datafield tag="561" ind1=" " ind2=" ">
      <subfield code="a">In May 1909 this collection was auctioned by F. Muller in Amsterdam (Manuscrits généalogiques et historiques …), lot 153: Généalogies de familles nobles allemandes, italiennes et anglaises, par Arn. Buchelius. Manuscrit autographe, vers 1600. 98 pages, in-4 obl. Ce manuscrit important contient plus de 400 armoiries dessinées en couleurs. Nous citons les familles suivantes: Meurs, v.d. Lippe, Diepholt, Neukirchen, Hutten, Fronsberg, Hohenlohe, etc.; - Colonne, Gonzaga, Appiani, Bentivogli, Spinola, Montferrat, Strozza, etc.; - Leicester, Cester, Spencer, Percey, Mortimer; etc. Apart from a few pages now missing, this agrees with this collection of 45 fols.</subfield>
    </datafield>
    <datafield tag="561" ind1=" " ind2=" ">
      <subfield code="a">The collection had been obtained in 1906 at the Smissaert auction in Amsterdam (Manuscrits provenant des collections …), nr. 289 nrs LXXI, LXXIII en LXXIV.</subfield>
    </datafield>
    <datafield tag="561" ind1=" " ind2=" ">
      <subfield code="a">Smissaert had bought them at the auction of the library of Willem Jan Royaards van den Ham (1829-1897), at Beijers, Utrecht, in 1899, II, p. 153, no. 3055, where Buchelius’ genealogical manuscript collection was sold as one item of 1530 pages in two maps. Previous owners of this collection have not been identified with certainty, but in his record of Buchelius’ manuscripts, Cornelis Booth (1605-1678) refers to ‘Tabulae et scedae variae genealogicae’ (Utrecht, University Library, Ms. 1831, fol. 1v).</subfield>
    </datafield>
    <datafield tag="563" ind1=" " ind2=" ">
      <subfield code="a">Bound in modern red morocco binding, tooled in gold, with the title: ‘Aernout Buchel (1565-1641) Genealogiae. Aut sors, aut virtus’ (the motto of the Van Buchell family).</subfield>
    </datafield>
    <datafield tag="520" ind1="2" ind2=" ">
      <subfield code="a">Genealogies of mostly western European prominent families, written in ink with vertical compartments and coloured family crests.</subfield>
    </datafield>
    <datafield tag="650" ind1=" " ind2="7">
      <subfield code="a">Genealogy</subfield>
      <subfield code="2">fast</subfield>
    </datafield>
    <datafield tag="700" ind1="1" ind2=" ">
      <subfield code="a">Roijaards van den Ham, W. J.</subfield>
      <subfield code="q">(Willem Jan),</subfield>
      <subfield code="d">1829-1897,</subfield>
      <subfield code="e">former owner.</subfield>
      <subfield code="4">fmo</subfield>
    </datafield>
    <datafield tag="700" ind1="1" ind2=" ">
      <subfield code="a">Smissaert, M. P.</subfield>
      <subfield code="q">(Marinus Paulus),</subfield>
      <subfield code="d">1825-1900,</subfield>
      <subfield code="e">former owner.</subfield>
      <subfield code="4">fmo</subfield>
      <subfield code="1">https://id.oclc.org/worldcat/entity/E39PCjHDJPxqWGdtgc69krFxWC</subfield>
    </datafield>
    <datafield tag="856" ind1="4" ind2="1">
      <subfield code="a">http://objects.library.uu.nl/reader/resolver.php?type=3&amp;obj=1370590249</subfield>
      <subfield code="x">Online</subfield>
      <subfield code="z">Full Text</subfield>
    </datafield>
  </record>